00000000nam 2200000zi 4500
0019.946289
003CaOODSP
00520250127072215
006m     o  d f      
007cr mn|||||||||
008241218s1951    onc     ob   f000 0 eng d
040 |aCaOODSP|beng|erda|cCaOODSP
0410 |aeng|afre
043 |an-cn---
0861 |aZ1-1949/2E-PDF
24500|aRoyal Commission studies : |ba selection of essays prepared for the Royal Commission on National Development in the Arts, Letters and Sciences.
24614|aRoyal Commission studies : |bselected from the special studies prepared for the Royal Commission on National Development in the Arts, Letters & Sciences, 1949-1951
24615|aRoyal Commission studies
24618|aRoyal Commission studies, 1949-1951
264 1|aOttawa : |bEdmond Cloutier, C.M.G., O.A., D.S.P., Printer to the King's Most Excellent Majesty, |c1951.
300 |a1 online resource (vii pages, 1 unnumbered page, 430 pages)
336 |atext|btxt|2rdacontent
337 |acomputer|bc|2rdamedia
338 |aonline resource|bcr|2rdacarrier
500 |aIssued also in French under title: Les arts, lettres et sciences au Canada, 1949-1951 : recueil d'études spéciales préparées pour la Commission royale d'enquête sur l'avancement des arts, lettres et sciences au Canada.
500 |aPage numbering begins with page v.
500 |a"Vincent Massey, Chairman, …"--Introduction, page vii.
500 |aDigitized edition from print [produced by Government of Canada Publications Directorate].
504 |aIncludes bibliographical references.
546 |aTitles and introduction in English; studies in English and French.
651 0|aCanada|xCivilization.
651 0|aCanada|xIntellectual life.
7001 |aMassey, Vincent, |d1887-1967.
7101 |aCanada. |bRoyal Commission on National Development in the Arts, Letters and Sciences, |eissuing body.
77508|tLes arts, lettres et sciences au Canada, 1949-1951 : |w(CaOODSP)9.947365
85640|qPDF|s25.70 MB|uhttps://publications.gc.ca/collections/collection_2025/bcp-pco/Z1-1949-2-eng.pdf